Online
Catalog

Historia de las mujeres en occidente / (Record no. 22334)

MARC details
000 -CABECERA
campo de control de longitud fija 01110nam a2200265 a 4500
001 - NÚMERO DE CONTROL
campo de control 000022837
005 - FECHA Y HORA DE LA ÚLTIMA TRANSACCIÓN
campo de control 20200930021828.0
008 - DATOS DE LONGITUD FIJA--INFORMACIÓN GENERAL
campo de control de longitud fija 101119s2000 sp a 000 0 spa d
020 ## - NÚMERO INTERNACIONAL ESTÁNDAR DEL LIBRO
Número Internacional Estándar del Libro 8430603972
040 ## - FUENTE DE LA CATALOGACIÓN
Centro catalogador/agencia de origen DO-SdBNP
Lengua de catalogación spa
Centro/agencia transcriptor BNPHU
082 ## - NÚMERO DE LA CLASIFICACIÓN DECIMAL DEWEY
Número de clasificación 305.409
Número de documento/Ítem H673m
049 ## - FONDOS LOCALES (OCLC)
Fondos de biblioteca BNGR
245 10 - MENCIÓN DE TÍTULO
Título Historia de las mujeres en occidente /
Mención de responsabilidad, etc. dirección de Georges Duby y Michelle Perrot ; traducción de Marco Aurelio Galmarini.
260 ## - PUBLICACIÓN, DISTRIBUCIÓN, ETC.
Lugar de publicación, distribución, etc. Madrid :
Nombre del editor, distribuidor, etc. Taurusminor,
Fecha de publicación, distribución, etc. 2000.
300 ## - DESCRIPCIÓN FÍSICA
Extensión 5 v. :
Otras características físicas il. ;
Dimensiones 19 cm.
505 0# - NOTA DE CONTENIDO CON FORMATO
Información miscelánea V.1.
Título La antigüedad /
Mención de responsabilidad Reyna Pastor --
Información miscelánea v.2.
Título La edad media /
Mención de responsabilidad traducción de Marco Aurelio Galmarini y Cristina García Ohlrich --
Información miscelánea v.3.
Título Del renacimiento a la edad moderna --
Información miscelánea v.4.
Título El siglo XIX --
Información miscelánea v.5.
Mención de responsabilidad El siglo XX.
534 ## - NOTA SOBRE LA VERSIÓN ORIGINAL
Encabezamiento principal del original Título original :
Mención de título del original Storia delle donne
650 #4 - PUNTO DE ACCESO ADICIONAL DE MATERIA--TÉRMINO DE MATERIA
Término de materia o nombre geográfico como elemento de entrada Mujeres
Subdivisión general Historia
Subdivisión cronológica SIGLO XX
9 (RLIN) 46930
650 #4 - PUNTO DE ACCESO ADICIONAL DE MATERIA--TÉRMINO DE MATERIA
Término de materia o nombre geográfico como elemento de entrada Mujeres
Subdivisión general Condiciones sociales
-- Historia
9 (RLIN) 46931
730 0# - PUNTO DE ACCESO ADICIONAL--TÍTULO UNIFORME
Título uniforme Storia delle donne.
Lenguaje de la obra Español
9 (RLIN) 46932
700 1# - PUNTO DE ACCESO ADICIONAL--NOMBRE DE PERSONA
Nombre de persona Duby, Georges
9 (RLIN) 46933
700 1# - PUNTO DE ACCESO ADICIONAL--NOMBRE DE PERSONA
Nombre de persona Michelle Perrot
9 (RLIN) 46934
700 1# - PUNTO DE ACCESO ADICIONAL--NOMBRE DE PERSONA
Nombre de persona Galmarini, Marco Aurelio,
Término indicativo de función/relación tr.
9 (RLIN) 46935
910 ## - DATOS DE OPCIÓN DEL USUARIO (OCLC)
Datos de opción del usuario WM
Holdings
Estado de retiro Estado de pérdida Restricciones de uso No para préstamo Código de colección Localización permanente Ubicación/localización actual Ubicación en estantería Fecha de adquisición Número de inventario Total de préstamos Signatura topográfica completa Código de barras Fecha visto por última vez Precio válido a partir de Tipo de ítem Koha
        Monografías: Libros y Folletos General General Depósito 19.11.2010 LF1   305.409 H673m | v.1 22837-10 25.06.2020 25.06.2020 Préstamo en sala
        Monografías: Libros y Folletos General General Depósito 19.11.2010 LF1   305.409 H673m | v.2 22837-20 25.06.2020 25.06.2020 Préstamo en sala
        Monografías: Libros y Folletos General General Depósito 19.11.2010 LF1   305.409 H673m | v.3 22837-30 25.06.2020 25.06.2020 Préstamo en sala
        Monografías: Libros y Folletos General General Depósito 19.11.2010 LF1   305.409 H673m | v.4 22837-40 25.06.2020 25.06.2020 Préstamo en sala
        Monografías: Libros y Folletos General General Depósito 19.11.2010 LF1   305.409 H673m | v.5 22837-50 25.06.2020 25.06.2020 Préstamo en sala

Powered by Koha